000 01121cad a22002415a 4500
001 E154117
008 111017s2011 xxk f 000 0 eng d
020 _a9781780454382
022 1 _a0141-514X
035 _a(Sirsi) u154117
041 0 _aeng
110 2 _aScotland
_bScottish Government
_95344
245 0 0 _aDisposal of surplus government land
_bthe Crichel Down rules
_h[electronic resource]
260 _aEdinburgh
_bScottish Government
_c2011
490 0 _aPlanning Circular
_v(5/2011)
520 _aDescribes the revised non-statutory arrangements known as the "Crichel Down Rules" which govern the way in which surplus Government land acquired by or under a threat of compulsion is offered back to former owners and their successors. Supersedes Circular 38/1992.
590 _aKA NTK
650 2 4 _aCRICHEL DOWN RULES
651 4 _aScotland
_y1999-
690 _aENVIRONMENTAL AND LAND CONSULTANCY-PLANNING AND DEVELOPMENT-COMPULSORY PURCHASE AND COMPENSATION
856 4 0 _uhttps://www.scotland.gov.uk/Publications/2011/10/12142906/0
_zView the circular free of charge at www.scotland.gov.uk
942 _n0
999 _c112850
_d112850